| Tag |
First Indicator |
Second Indicator |
Subfields |
| LEADER |
00000cam a22000004a 4500 |
| 001 |
in00003369713 |
| 005 |
20190405190243.0 |
| 006 |
m d |
| 007 |
cr |||||||nn|n |
| 008 |
110103s2011 kyu o d eng d |
| 010 |
|
|
|z 2010052272
|
| 020 |
|
|
|a 9780813130163
|
| 020 |
|
|
|z 9780813130019 (hardcover : alk. paper)
|
| 020 |
|
|
|z 0813130018 (hardcover : alk. paper)
|
| 020 |
|
|
|z 0813130166 (ebook)
|
| 035 |
|
|
|a (MdBmJHUP)muse9780813130163
|
| 040 |
|
|
|a MdBmJHUP
|c MdBmJHUP
|d UtOrBLW
|
| 043 |
|
|
|a n-usu--
|
| 050 |
0 |
0 |
|a HQ783
|b .D87 2011
|
| 082 |
0 |
0 |
|a 305.23089/09075
|2 22
|
| 100 |
1 |
|
|a DuRocher, Kristina.
|
| 245 |
1 |
0 |
|a Raising racists :
|b the socialization of white children in the Jim Crow South /
|c Kristina DuRocher.
|
| 264 |
|
1 |
|a Lexington :
|b University Press of Kentucky,
|c [2011]
|
| 264 |
|
4 |
|c ©2011
|
| 300 |
|
|
|a 1 online resource (viii, 237 pages :) :
|b illustrations
|
| 336 |
|
|
|a text
|b txt
|2 rdacontent
|
| 337 |
|
|
|a computer
|b c
|2 rdamedia
|
| 338 |
|
|
|a online resource
|b cr
|2 rdacarrier
|
| 490 |
1 |
|
|a New directions in southern history
|
| 504 |
|
|
|a Includes bibliographical references and index.
|
| 505 |
0 |
|
|a "My mother had warned me about this": parental socialization in the Jim Crow south -- "We learned our lessons well": the growth of white privilege in southern schools -- Consumerism meets Jim Crow's children: white children and the culture of segregation -- "The course my life was to take": the violent reality of white youths socialization -- Violent masculinity: ritual and performance in southern lynchings -- "Is this the man?": white girls' participation in southern lynchings.
|
| 588 |
|
|
|a Description based on print version record.
|
| 500 |
|
|
|a Electronic resource.
|
| 650 |
|
0 |
|a African Americans
|x Segregation
|x History.
|
| 650 |
|
0 |
|a Children, White
|z Southern States
|x History.
|
| 650 |
|
0 |
|a Socialization
|z Southern States
|x History.
|
| 651 |
|
0 |
|a Southern States
|x Race relations
|x History.
|
| 655 |
|
7 |
|a Electronic books.
|2 local
|
| 830 |
|
0 |
|a New directions in southern history.
|
| 856 |
4 |
0 |
|u http://proxy.library.tamu.edu/login?url=http://muse.jhu.edu/books/9780813130163/
|z Connect to the full text of this electronic book
|t 0
|
| 999 |
|
|
|a MARS
|
| 999 |
f |
f |
|s bead9699-94ac-391c-aba9-d27033342442
|i 47ac54af-98bb-3e2e-a651-78e9e84efcde
|t 0
|
| 952 |
f |
f |
|a Texas A&M University
|b College Station
|c Electronic Resources
|d Available Online
|t 0
|e HQ783 .D87 2011
|h Library of Congress classification
|
| 998 |
f |
f |
|a HQ783 .D87 2011
|t 0
|l Available Online
|